Actrices Kdrama - Statistiques

Statistiques générales
  • Ce quiz a été pris 196 fois
  • Le résultat moyen est 6 sur 25
Statistiques - réponses
Par images Réponse % Correct
IU
74%
Han So Hee
58%
Bae Suzy
57%
Kim Taeri
53%
Go Min Si
40%
Kim Jiwon
36%
Song Hye Kyo
32%
Lee Hyeri
30%
Seo Yea Ji
30%
Kim Go Eun
29%
Seo Lin Ah
26%
Jung So Min
21%
Park So Dam
18%
Han Hyo Joo
16%
Kim Se Jong
14%
Kim You Jung
12%
Nam Ji Hyun
12%
Go Yoon Jung
11%
Jung Ho Yeon
11%
Mun Ka Young
11%
Roh Yoon Seo
11%
Shin Eun Soo
11%
Lee Ji Ah
10%
Han Ji Hyun
7%
Lee Jae In
5%
Aucun quiz correspondant
Distribution des résultats
% des personnes avec chaque résultat
Percentile par nombre de réponses
Votre historique - résultats
Vous n’avez pas pris ce quiz